000 00322cam a22001097a 4500
008 180718b1960 xxu||||| |||| 00| 0 eng d
082 _aA99 K945/P118
100 _aPaloczi-Horvath, George
245 _aKhrushchev: the road to power
_cby George Paloczi-Horvath
260 _aLondon
_bSecker and Warburg
_c1960
300 _a304p
999 _c415169
_d415169